000
003320000a22001450004500
003
MACL
040
_a
MACL
090
_c
31748
_d
31746
100
_a
Greenberg, Seth
245
_a
Digital Images a Practical Guide
260
_b
Tata Mc Graw hill Edition
350
_a
295
650
_a
Computer science
942
_c
BOOK
_k
004.611/Gre
999
_c
31428
_d
31428